| 000 | 00400pab a2200157 454500 | ||
|---|---|---|---|
| 008 | 180718b2005 xxu||||| |||| 00| 0 eng d | ||
| 100 | _aPanda, Dilip Ku. | ||
| 245 | _aDam and development: a Hirakud experience | ||
| 260 | _c2005 | ||
| 300 | _ap.72-77. | ||
| 362 | _aJul-Dec | ||
| 650 | _aDams | ||
| 700 | _aNayak, Sushanta Kumar | ||
| 773 | _aPolitical Economy Journal of India | ||
| 909 | _a69318 | ||
| 999 |
_c69318 _d69318 |
||